| 000 | 01269nam a22003857a 4500 | ||
|---|---|---|---|
| 001 | BR0502049 | ||
| 003 | BR-BrBNA | ||
| 005 | 20230928101903.0 | ||
| 007 | ta | ||
| 008 | 230509b bl.||||| |||| 00| 0 por d | ||
| 040 |
_aBR-BrBNA _bpor _cBiblioteca Nacional de Agricultura |
||
| 041 | _a(Por) | ||
| 072 |
_aF30 _b2110 _b3568 |
||
| 090 | _ 2110 BR0502049 | ||
| 100 | 1 | _aPereira, J.L. | |
| 100 | 1 | _aSerôdio, M.H. | |
| 100 | 1 | _aPereira, N.A.B.M. | |
| 100 | 1 | _aPereira, G.S. | |
| 100 | 1 | _aSouza, E. de(coord.) | |
| 110 | 1 |
_aMinistério da Agricultura e do Abastecimento, Brasília, DF (Brasil) _96726 |
|
| 111 | 1 |
_aReunião técnica: atualização sobre produção massal de propágulos de cacau geneticamente melhorado _cIlhéus, BA (Brazil) _d19-23 Oct 1998 |
|
| 245 | 1 | _aAtualização sobre produção massal de propágulos de cacau geneticamente melhorado | |
| 260 | 3 |
_aIlhéus, BA (Brasil): _c1998. |
|
| 300 | _a156 p. | ||
| 500 | _aSeveral bibliography; 17 tables; 8 illus. | ||
| 650 | _aCACAU | ||
| 650 | _aCLONE | ||
| 650 | _aPROPAGAÇÃO VEGETATIVA | ||
| 650 | _aPRODUÇÃO VEGETAL | ||
| 650 | _aBIOTECNOLOGIA | ||
| 650 | _aVARIEDADE RESISTENTE | ||
| 650 | _aDOENÇA DE PLANTA | ||
| 909 |
_a202309 _bLucia _c55 _dLucia Elande |
||
| 942 | _cBK | ||
| 999 |
_c68066 _d68066 |
||